Civilizaciones extinguidas (Record no. 44269)

MARC details
000 -LEADER
campo de control de longitud fija 00569nam a2200169 i 4500
001 - NÚMERO DE CONTROL
campo de control 44269
003 - IDENTIFICADOR DE NÚMERO DE CONTROL
campo de control ES-MaACL
005 - FECHA Y HORA DE LA ÚLTIMA TRANSACCIÓN
campo de control 20230906161006.0
007 - CAMPO FIJO DE DESCRIPCIÓN FÍSICA--INFORMACIÓN GENERAL
campo de control de longitud fija t|
008 - DATOS DE LONGITUD FIJA--INFORMACIÓN GENERAL
campo de control de longitud fija 030321s1965 sp ||||1| spa d
245 00 - MENCIÓN DEL TÍTULO
Título Civilizaciones extinguidas
Resto del título : pueblos y culturas desaparecidos /
Mención de responsabilidad, etc. dirigida por Edward Bacon ; [traductores José María Belil Giró].
260 ## - PUBLICACIÓN, DISTRIBUCIÓN, ETC.
Lugar de publicación, distribución, etc. Barcelona, etc. :
Nombre del editor, distribuidor, etc. Labor,
Fecha de publicación, distribución, etc. 1965.
300 ## - DESCRIPCIÓN FÍSICA
Extensión 363 p., 82 lám. ;
Dimensiones 36 cm.
700 1# - ENTRADA AGREGADA--NOMBRE PERSONAL
Nombre de persona Belil Giró, José María.
9 (RLIN) 27163
700 1# - ENTRADA AGREGADA--NOMBRE PERSONAL
Nombre de persona Bacon, Edward.
9 (RLIN) 24509
852 ## - LOCALIZACIÓN
Ubicación ES-MaACL
Número de control de estantería C-41230
Sublocalización o colección R.59787
Holdings
Estatus retirado Estado de pérdida Estado de daño No para préstamo Biblioteca de origen Biblioteca actual Ubicación en estantería Fecha de adquisición Fuente de adquisición Total de préstamos Signatura topográfica completa Código de barras Visto por última vez Precio de reemplazo Tipo de ítem Koha
        Biblioteca del Ateneo de Madrid Biblioteca del Ateneo de Madrid Depósito 2 17/01/2008     C-41230 1046589 23/02/2023 23/02/2023 Libro impreso